Scales, Hierarchies and Emergent Properties in Ecological Models : (Record no. 589071)

MARC details
000 -LEADER
fixed length control field 00560nam a2200181 a 4500
008 - FIXED-LENGTH DATA ELEMENTS--GENERAL INFORMATION
fixed length control field 250923s2002##################000#0#eng##
020 ## - INTERNATIONAL STANDARD BOOK NUMBER
ISBN 9783631389249
082 04 - DEWEY DECIMAL CLASSIFICATION NUMBER
Classification number 577.015
Item number HOL
100 1# - MAIN ENTRY--AUTHOR NAME
Personal name Hölker, Franz,
245 10 - TITLE STATEMENT
Title Scales, Hierarchies and Emergent Properties in Ecological Models :
260 ## - PUBLICATION, DISTRIBUTION, ETC. (IMPRINT)
Name of publisher Peter Lang Gmbh, Internationaler Verlag Der Wissenschaften,
Year of publication 2002.
650 #0 - SUBJECT ADDED ENTRY--TOPICAL TERM
Topical Term Biological models.
942 ## - ADDED ENTRY ELEMENTS (KOHA)
Koha item type English Books
Holdings
Withdrawn status Lost status Damaged status Not for loan Home library Current library Shelving location Date acquired Full call number Accession Number Price effective from Koha item type
        Anna Centenary Library Anna Centenary Library 5TH FLOOR, A WING 23.09.2025 577.015 HOL 216146 23.09.2025 English Books

Find us on the map